[Event "POR-ch rapid"]
[Site "Mirandela"]
[Date "2017.06.03"]
[Round "4"]
[White "Veiga, Jose Francisco RP"]
[Black "Silva, Luis Neves Da"]
[Result "1-0"]
[WhiteElo "2083"]
[BlackElo "2317"]
[PlyCount "71"]
[EventDate "2017.06.03"]
[EventType "swiss (rapid)"]
[EventRounds "7"]
[EventCountry "POR"]
[SourceTitle "CBM 178 Extra"]
[Source "ChessBase"]
[SourceDate "2017.06.22"]
[SourceVersion "1"]
[SourceVersionDate "2017.06.22"]
[SourceQuality "1"]

1. e4 c5 2. Nf3 d6 3. Bb5+ Nc6 4. 0-0 Bd7 5. c3 Nf6 6. Re1 a6 7. Ba4 b5 8. Bc2 e5 9. d4 cxd4 10. cxd4 Bg4 11. d5 Nd4 12. Be3 Nxf3+ 13. gxf3 Bd7 14. Kh1 Be7 15. Rg1 0-0 16. f4 Qc7 17. Bd3 exf4 18. Bxf4 Rfe8 19. Nd2 Kh8 20. Nb3 g6 21. Rc1 Qd8 22. Qf3 Nh5 23. Be3 Bf6 24. Nd4 Be5 25. Nf5 Bxf5 26. exf5 Qh4 27. Rg2 Rac8 28. Rcg1 Bf4 29. Bd4+ Be5 30. Bxe5+ Rxe5 31. fxg6 fxg6 32. Bxg6 hxg6 33. Rxg6 Re7 34. Rh6+ Rh7 35. Rxh7+ Kxh7 36. Qf5+ 1-0

[Event "Sitges Sunway op 3rd"]
[Site "Sitges"]
[Date "2016.12.19"]
[Round "5"]
[White "Beerdsen, Thomas"]
[Black "Silva, Luis Neves Da"]
[Result "1-0"]
[WhiteElo "2407"]
[BlackElo "2307"]
[PlyCount "81"]
[EventDate "2016.12.16"]
[EventType "swiss"]
[EventRounds "9"]
[EventCountry "ESP"]
[SourceTitle "CBM 176 Extra"]
[Source "ChessBase"]
[SourceDate "2017.03.02"]
[SourceVersion "1"]
[SourceVersionDate "2017.03.02"]
[SourceQuality "1"]

1. e4 c6 2. d4 d5 3. f3 e6 4. Nc3 Bb4 5. Nge2 Ne7 6. a3 Ba5 7. b4 Bc7 8. e5 b6 9. Ng3 c5 10. f4 Nbc6 11. Nb5 Nxd4 12. Nxd4 cxd4 13. Nh5 0-0 14. Bd3 Bd7 15. 0-0 Ng6 16. Rf3 f5 17. Rh3 Qe8 18. Qe2 a6 19. Bb2 Bb5 20. Bxd4 Bxd3 21. Qxd3 b5 22. Bc5 Rf7 23. a4 bxa4 24. Qa3 Qb5 25. Qxa4 Qb7 26. Kh1 Bb6 27. Bd6 Rd7 28. b5 a5 29. Rc3 d4 30. Rc6 Ne7 31. Bxe7 Rxe7 32. Qc4 Kf7 33. g4 fxg4 34. f5 Kg8 35. f6 gxf6 36. exf6 Rf7 37. Qxe6 Kh8 38. Kg1 Bc7 39. b6 Be5 40. Rxa5 Bxh2+ 41. Kxh2 1-0

[Event "POR Circuit rapid"]
[Site "Matosinhos"]
[Date "2016.10.30"]
[Round "7"]
[White "Silva, Luis Neves Da"]
[Black "Guimaraes, Rui"]
[Result "1/2-1/2"]
[WhiteElo "2305"]
[BlackElo "2100"]
[PlyCount "64"]
[EventDate "2016.10.30"]
[EventType "tourn (rapid)"]
[EventRounds "7"]
[EventCountry "POR"]
[SourceTitle "EXT 2018"]
[Source "ChessBase"]
[SourceDate "2017.10.13"]
[SourceVersion "1"]
[SourceVersionDate "2017.10.13"]
[SourceQuality "1"]

1. d4 Nf6 2. Nf3 c5 3. c4 cxd4 4. Nxd4 e5 5. Nb5 d5 6. cxd5 Bc5 7. g3 0-0 8. N1c3 a6 9. Na3 b5 10. Nc2 Bf5 11. Bg2 e4 12. 0-0 Nbd7 13. Be3 Rc8 14. Nd4 Bxd4 15. Qxd4 Rc4 16. Qd2 Nb6 17. b3 Rc8 18. Rfd1 b4 19. Bxb6 Qxb6 20. Na4 Qd6 21. Nb2 Rfd8 22. Qg5 Qd7 23. Nc4 h6 24. Qh4 Rc5 25. Ne3 Kh7 26. g4 g5 27. Qg3 Bg6 28. d6 Rc6 29. Nc4 Qxg4 30. Qxg4 Nxg4 31. Rd4 f5 32. Rad1 Bf7 1/2-1/2